000 00706nam a2200193 i 4500
001 74444
003 ES-MaACL
005 20251009063053.0
007 t|
008 040920s1915 sp ||||1| spa d
100 1 _aGonzález-Hontoria y Fernández Ladreda, Manuel,
_d1878-1954
_958721
245 1 3 _aEl protectorado francés en Marruecos y sus enseñanzas para la acción española /
_cManuel González-Hontoria y Fernández Ladreda.
260 _aMadrid :
_b[s.n.,
_c1915] (
_fImp. Clásica)
300 _a338 p. ;
_c19 cm.
490 1 _aResidencia de Estudiantes. Serie II
830 0 _aResidencia de Estudiantes. Serie II
_9231217
852 _aES-MaACL
_jD-1813
999 _c74444
_d74444